<?xml version="1.0" encoding="UTF-8"?>
<collection xmlns="http://www.loc.gov/MARC21/slim">
 <record>
  <leader>01949nam a2200229Ia 4500</leader>
  <controlfield tag="001">CTU_163507</controlfield>
  <controlfield tag="008">210402s9999    xx            000 0 und d</controlfield>
  <datafield tag="082" ind1=" " ind2=" ">
   <subfield code="a">338.16</subfield>
  </datafield>
  <datafield tag="082" ind1=" " ind2=" ">
   <subfield code="b">S464</subfield>
  </datafield>
  <datafield tag="088" ind1=" " ind2=" ">
   <subfield code="a">60620115</subfield>
  </datafield>
  <datafield tag="100" ind1=" " ind2=" ">
   <subfield code="a">Hà, Vũ Sơn</subfield>
  </datafield>
  <datafield tag="245" ind1=" " ind2="0">
   <subfield code="a">Phân tích các yếu tố ảnh hưởng đến ứng dụng tiến bộ kỹ thuật trong sản xuất lúa của hộ nông dân tại tỉnh Hậu Giang :</subfield>
  </datafield>
  <datafield tag="245" ind1=" " ind2="0">
   <subfield code="b">Luận văn Thạc sĩ Kinh tế chuyên ngành Kinh tế Nông nghiệp</subfield>
  </datafield>
  <datafield tag="245" ind1=" " ind2="0">
   <subfield code="c">Hà Vũ sơn; Mai Văn Nam (Hướng dẫn khoa học)</subfield>
  </datafield>
  <datafield tag="260" ind1=" " ind2=" ">
   <subfield code="a">Cần Thơ</subfield>
  </datafield>
  <datafield tag="260" ind1=" " ind2=" ">
   <subfield code="b">Trường Đại học Cần Thơ</subfield>
  </datafield>
  <datafield tag="260" ind1=" " ind2=" ">
   <subfield code="c">2010</subfield>
  </datafield>
  <datafield tag="520" ind1=" " ind2=" ">
   <subfield code="a">Đề tài:&quot;Phân tích các yếu tố ảnh hưởng đến ứng dụng tiến bộ kỹ thuật trong sản xuất lúa của hộ nông dân tại tỉnh Hậu Giang&quot;.Mục tiêu của đề tài là nhằm phân tích các yếu tố ảnh hưởng đến ứng dụng tiến bộ kỹ thuật trong sản xuất lúa của Nông hộ tỉnh Hậu Giang.Phương pháp chọn mẫu phân tích được sử dụng trong nghiên cứu này là thống kê số liệu sơ cấp từ 376 nông hộ sản xuất lúa trên địa bàn tỉnh.các phương pháp phân tích được sử dụng trong nghiên cứu này là thống kê mô tả,phân tích chi phí từng phần (Partial budget Analysis),kiểm định (t-Test),tương quan phân tích tương quan hồi qui đa biến,mô hình phân tích nhân tố,ma trận SWOT và sơ đổ Venn.</subfield>
  </datafield>
  <datafield tag="650" ind1=" " ind2=" ">
   <subfield code="a">Nông nghiệp,Agriculture</subfield>
  </datafield>
  <datafield tag="650" ind1=" " ind2=" ">
   <subfield code="x">Khía cạnh kinh tế,Economic aspects</subfield>
  </datafield>
  <datafield tag="904" ind1=" " ind2=" ">
   <subfield code="i">Thoa, Hải</subfield>
  </datafield>
  <datafield tag="980" ind1=" " ind2=" ">
   <subfield code="a">Trung tâm Học liệu Trường Đại học Cần Thơ</subfield>
  </datafield>
 </record>
</collection>
